Annual report, 1977 (Record no. 46392)

MARC details
000 -LEADER
fixed length control field 00293nam a22001337a 4500
003 - CONTROL NUMBER IDENTIFIER
control field OSt
008 - FIXED-LENGTH DATA ELEMENTS--GENERAL INFORMATION
fixed length control field 241014b |||||||| |||| 00| 0 eng d
082 ## - DEWEY DECIMAL CLASSIFICATION NUMBER
Classification number 633.7106
Item number C27A
100 ## - MAIN ENTRY--PERSONAL NAME
Personal name C T R I, Rajamundry
245 ## - TITLE STATEMENT
Title Annual report, 1977
260 ## - PUBLICATION, DISTRIBUTION, ETC. (IMPRINT)
Place of publication, distribution, etc CTRI
300 ## - PHYSICAL DESCRIPTION
Extent 129
942 ## - ADDED ENTRY ELEMENTS (KOHA)
Source of classification or shelving scheme
Koha item type Periodicals
Holdings
Withdrawn status Lost status Source of classification or shelving scheme Damaged status Not for loan Home library Current library Date acquired Total Checkouts Full call number Date last seen Bill Date Koha item type
          Dr. Rajendra Prasad Central Agricultural University Pusa, Dr. Rajendra Prasad Central Agricultural University Pusa, 14/10/2024   633.7106 C27A 14/10/2024 14/10/2024 Periodicals
Hosted, Implemented, Customized & Maintained by: BestBookBuddies

Powered by Koha